League of Legends drużyny z LEC - Statystyki

Ogólne statystyki
  • Ten quiz został rozwiązany 1 622 razy
    962 od ostatniego zresetowania
  • Średni wynik to 8 z 10
Statystyki odpowiedzi
Miejsce Drużyna % Poprawnych
1. G2 Esports
100%
2. Fnatic
98%
4. MAD Lions
89%
3. Rogue
86%
9. Team Vitality
79%
6. SK Gaming
77%
10. Astralis
75%
8. Misfits Gaming
73%
7. Excel Esports
72%
5. FC Schalke 04
68%
Nie znaleziono quizów pasujących do podanych kryteriów
Rozkład punktacji
Procent ludzi z każdym wynikiem
Percentyl według liczby udzielonych odpowiedzi
Twoja historia wyników
Nie rozwiązałeś tego quizu od ostatniego zresetowania